00190nam a22000857a 4500082001700000100001700017245002700034260003400061300000900095 a355.02 CAR'H aCARELL, PAUL aHITLER'S WAR ON RUSSIA aLONDONbGEORGE G. HARAPc1964 a640P